000 00315nam a2200145Ia 4500
999 _c14080
_d14080
003 OSt
005 20260413150046.0
008 260210s9999 xx 000 0 und d
020 _a9783864074929
082 _a747
100 _aKonemann
245 0 _a500 Tricks: Storage
260 _bKonemann
942 _cBDES
_2ddc